| 000 | 00534nam a2200205Ia 4500 | ||
|---|---|---|---|
| 003 | GCL | ||
| 008 | 140319s9999 xx 000 0 eng d | ||
| 040 |
_aGCL / _cGCL |
||
| 082 | 0 | 4 |
_a170.92 _bS I |
| 100 | 1 | _aSULLIVAN, ROGER | |
| 245 | 1 | 0 |
_aAN INTRODUCTION TO KANTS ETHICS / _cSULLIVAN, ROGER |
| 260 |
_a[S.N] : _bCAMBRIBGE UNIVERSITY PRESS ، _c1994 |
||
| 300 | _a183 P | ||
| 650 | 0 | 4 | _aPHILOSOPHY |
| 650 | 0 | 4 | _aHISTORY |
| 650 | 0 | 4 | _aETHICS |
| 650 | 0 | 4 | _aKANT, I.(1724 - 1804) |
| 650 | 0 | 4 | _aACT (PHILOSOPHY) |
| 942 |
_2ddc _cBK |
||
| 999 |
_c24368 _d24368 |
||